Statistics for Arctic Monkeys Lyrics - Cigarette Smoker Fiona

Click here to take the quiz!

General Stats

  • This quiz has been taken 27 times
  • The average score is 164 of 206

Answer Stats

Lyrics% Correct
Cigarette
100%
smoke
100%
smoker
94%
you
94%
a
88%
A
88%
all
88%
but
88%
But
88%
had
88%
have
88%
how
88%
I
88%
I'm
88%
much
88%
ought
88%
sorry,
88%
that
88%
the
88%
The
88%
think
88%
To
88%
to
88%
we
88%
Well,
88%
well
88%
Well
88%
we're
88%
you've
88%
Act
82%
actually
82%
alright
82%
And
82%
any
82%
as
82%
been
82%
bitches
82%
could
82%
it
82%
Maybe
82%
more
82%
no
82%
not
82%
of
82%
on
82%
one
82%
She
82%
she's
82%
unsure
82%
are
76%
brother's
76%
for
76%
girls
76%
gone
76%
Her
76%
here
76%
in
76%
like
76%
lost
76%
make
76%
near
76%
now
76%
nowhere
76%
off
76%
up
76%
wasn't
76%
With
76%
your
76%
Aren't
71%
came
71%
disguise
71%
fear
71%
from
71%
ghetto
71%
give
71%
houses
71%
parents
71%
perfect
71%
something
71%
stilettos
71%
strippers
71%
time
71%
us
71%
would
71%
at
65%
bet
65%
dad
65%
even
65%
never
65%
pool
65%
-spoken
65%
surprise
65%
trousers
65%
wet
65%
white
65%
back?
59%
collide
59%
dignity
59%
evening
59%
f***s
59%
home,
59%
if
59%
know?
59%
Sat
59%
side
59%
slap
59%
When
59%
worlds
59%
continues
53%
country
53%
doesn't
53%
D'you
53%
hide
53%
really
53%
tried
47%
you'd
41%
Wouldn't
35%
cease
24%

Score Distribution

Percentile by Number Answered

Percent of People with Each Score

Your Score History

You have not taken this quiz